000 01424nam a2200457 i 4500
001 1201
003 KOSZ 005
005 20250730063933.0
008 981118s1985 pl a |000 0 pol
015 _aUWD 1985/2838
020 _a8370010504
035 _a991008159429705066
035 _a(PL-WaBN)b12101837-48omnis_nlop
035 _ab12101837
035 _a(OCoLC)749210180
035 _azz2003827210
035 _a(PL)b0000001210183
035 _a(EXLNZ-48OMNIS_NETWORK)9910058118705606
040 _aWA N
_cWA N
_dKOSZ 005/HR
041 0 _apol
046 _k1985
080 _a530.1
100 _aSzymacha, Andrzej
_eAutor
245 1 0 _aSzczególna teoria względności /
_cAndrzej Szymacha.
260 _aWarszawa :
_b"Alfa",
_c1985.
300 _a110 s. :
_brys., wykr. ;
_c21 cm.
336 _aTekst
_btxt
_2rdacontent
337 _aBez urządzenia pośredniczącego
_bn
_2rdamedia
338 _aWolumin
_bnc
_2rdacarrier
380 _aKsiążki
388 _a1901-2000
388 _a1945-1989
490 1 _aDelta Przedstawia,
_x0860-0651 ;
_vnr 2
650 7 _aSzczególna teoria względności
_2DBN
655 7 _aWydawnictwa popularne
_2DBN
658 _aFizyka i astronomia
830 0 _aDelta Przedstawia
856 _uhttp://koha.tu.koszalin.pl/cgi-bin/koha/opac-detail.pl?biblionumber=1201
_yKatalog online BPK
942 _2UKD
_cKS
999 _c1201
_d1201